| 000 | 01380cam a22002174a 4500 | ||
|---|---|---|---|
| 005 | 20250605164112.0 | ||
| 008 | 250528s ||||||||||||||||||||||||d | ||
| 035 | _a17946 | ||
| 020 | _a9603060178 | ||
| 040 |
_aGR-AtMCL _bgre _dGR-AtMCL _eAACR2 |
||
| 245 | 1 | _aΕισαγωγή στην Στρατηγική των Επιχειρήσεων / Τρίτη Έκδοση | |
| 250 | _a3η | ||
| 260 | _c1994 | ||
| 300 | _a226 | ||
| 520 | _aΤο βιβλίο αυτό προσφέρει μια σύντομη και σαφή εισαγωγή στο κρίσιμο αυτό ζήτημα, που αφορά τόσο τον ιδιωτικό όσο και το δημόσιο τομέα. Πρόλογος, Η Έννοια της Στρατηγικής, Στρατηγικοί Στόχοι, Η Εκτίμηση του Περιβάλλοντος, Εκτιμώντας την Κατάσταση της Εταιρίας, Επέκταση Ποικιλίας Προϊόντων, Ανάλυση Χαρτοφυλακίου, Στρατηγική Ανταγωνισμού, Στρατηγικός Σχεδιασμός, Οικονομικές Εκτιμήσεις, Στρατηγική Δημοσίων Επιχειρήσεων, Άνθρωποι και Αλλαγές. | ||
| 700 | 1 |
_aGrieve - Smith John _94238 |
|
| 700 | 1 |
_aNubis _94239 |
|
| 942 | _cBK | ||
| 999 |
_c3340 _d3340 |
||